Tribhuvan University Central Library

Friendship: developing a sociological perspective (Record no. 58722)

MARC details
000 -LEADER
fixed length control field 00575 a2200205 4500
020 ## - INTERNATIONAL STANDARD BOOK NUMBER
International Standard Book Number 0-8133-1037-7
082 ## - DEWEY DECIMAL CLASSIFICATION NUMBER
Classification number 302.34
Item number Al52f
100 ## - MAIN ENTRY--PERSONAL NAME
Personal name Allam, Fraham A.
9 (RLIN) 18868
245 ## - TITLE STATEMENT
Title Friendship: developing a sociological perspective
260 ## - PUBLICATION, DISTRIBUTION, ETC.
Place of publication, distribution, etc. Boulder
Name of publisher, distributor, etc. Westview Press
Date of publication, distribution, etc. 1989
300 ## - PHYSICAL DESCRIPTION
Extent 174p.
440 ## - SERIES STATEMENT/ADDED ENTRY--TITLE
Title Studies in sociology
9 (RLIN) 18869
504 ## - BIBLIOGRAPHY, ETC. NOTE
Bibliography, etc. note Bibliography: p.159-169
650 ## - SUBJECT ADDED ENTRY--TOPICAL TERM
Topical term or geographic name entry element Sociological aspects
9 (RLIN) 16126
650 ## - SUBJECT ADDED ENTRY--TOPICAL TERM
Topical term or geographic name entry element Friendship
9 (RLIN) 1609
650 ## - SUBJECT ADDED ENTRY--TOPICAL TERM
Topical term or geographic name entry element Social change
650 ## - SUBJECT ADDED ENTRY--TOPICAL TERM
Topical term or geographic name entry element Social structure
9 (RLIN) 1316
653 ## - INDEX TERM--UNCONTROLLED
Uncontrolled term Social science
942 ## - ADDED ENTRY ELEMENTS (KOHA)
Source of classification or shelving scheme Dewey Decimal Classification
Koha item type General Collections
Holdings
Withdrawn status Lost status Source of classification or shelving scheme Damaged status Not for loan Home library Current library Date acquired Total Checkouts Full call number Barcode Date last seen Price effective from Koha item type
    Dewey Decimal Classification     Tribhuvan University Central Library Tribhuvan University Central Library 02/19/2011   302.34 Al52f G42374 02/19/2011 02/19/2011 General Collections